Valle del Arno. Estudio del dibujo del Valle del Arno de Leonardo Da Vinci = Story of Arno Valley landscape by Leonardo Da Vinci.

Saved in:
Bibliografiske detaljer
Hovedforfatter: Morgado Uribe, Cecilia (autora)
Format: Bog
Udgivet: Viña del Mar, Chile: Ediciones Tocornal; Fundación Alberto Cruz Covarrubias, 2021.
Udgivelse:Primera edición.
Serier:15 dibujos = 15 drawings
Fag:
Tags: Tilføj Tag
Ingen Tags, Vær først til at tagge denne postø!

MARC

LEADER 00000nam a22000007a 4500
003 CL-VaPUC
005 20240425101853.0
008 220902t2021 ||||| |||| 00| 0 eng d
999 |c 438611  |d 438609 
020 |a 978-956-09571-2-2 
040 |c Pontificia Universidad Católica de Valparaíso 
082 |2 22  |a 759.5 MOR 2021 
100 1 |a Morgado Uribe, Cecilia  |e autora  |9 876225 
245 |a Valle del Arno.  |b Estudio del dibujo del Valle del Arno de Leonardo Da Vinci = Story of Arno Valley landscape by Leonardo Da Vinci. 
246 |a Homenaje 500 años = 500 years tribute.  |b Leonardo Da Vinci 1519-2019. 
250 |a Primera edición.  |b Edición bilingue. 
260 |a Viña del Mar, Chile:  |b Ediciones Tocornal;  |b Fundación Alberto Cruz Covarrubias,  |c 2021. 
300 |a 27 páginas; iIustraciones. 
490 |a 15 dibujos = 15 drawings 
500 |a c.1-c.2. Donación Arquitectura. Memo ARQ 08/2022. 10/08/22 
583 |c 20220902  |k Catalogador Asistente 
600 0 |a Da Vinci, Leonardo  |d 1452-1519  |x Pinturas de paisajes   |x Valle del Arno  |y 1473  |9 561227 
650 0 |9 876427  |a Valle del Arno  |x Pintura paisajista   |x Análisis e interpretación 
650 0 |9 876427  |a Valle del Arno  |v Dibujos   |x Fuente de inspiración  
650 0 |9 876431  |a Pinturas de paisajes  |y Siglo XV   |z Italia 
942 |2 ddc  |c BK 
952 |0 0  |1 0  |2 ddc  |4 0  |6 759_500000000000000_MOR_2021  |7 0  |8 A  |9 586576  |a BIBARQ  |b BIBARQ  |c GEN  |d 2022-09-02  |e Donación  |i 5654557  |o 759.5 MOR 2021  |p 5654557  |r 2025-01-20  |t 1  |w 2022-09-02  |y BK  |k ARQ 
952 |0 0  |1 0  |2 ddc  |4 0  |6 759_500000000000000_MOR_2021  |7 0  |8 A  |9 586577  |a BIBARQ  |b BIBARQ  |c GEN  |d 2022-09-02  |e Donación  |i 5654558  |l 1  |o 759.5 MOR 2021  |p 5654558  |r 2025-01-20  |s 2023-03-31  |t 2  |w 2022-09-02  |y BK  |k ARQ